Primera proclama: gobierno de reconstrucción nacional de Nicaragua
Gardado en:
| Formato: | Texto |
|---|---|
| Idioma: | Spanish |
| Materias: | |
| Etiquetas: |
Engadir etiqueta
Sen Etiquetas, Sexa o primeiro en etiquetar este rexistro!
|
MARC
| LEADER | 00000 a a2200000 04500 | ||
|---|---|---|---|
| 001 | 17854 | ||
| 003 | cru CIDCACS/IIS | ||
| 005 | 20191204100728.0 | ||
| 008 | 191204b ||||| |||| 00| 0 spa d | ||
| 999 | |c 21270 |d 21270 | ||
| 040 | |c cru CIDCACS/IIS | ||
| 245 | |a Primera proclama: |b gobierno de reconstrucción nacional de Nicaragua | ||
| 650 | |a PARTIDOS POLITICOS | ||
| 650 | |a DEMOCRACIA | ||
| 650 | |a NICARAGUA | ||
| 773 | |g volumen 3, número 25. (1979), páginas 194 | ||
| 942 | |2 ddc |c PP | ||
| 773 | 0 | |0 42391 |9 3996 |a Agencia Latinoamericana de Información, ALAI |d Quito, Ecuador: ALAI |o 03872 |t ALAI: |x 08275564 (Servicio mensual de información y documentación) | |
